Star Wars: Episode VI Return of the Jedi A-Z - Statistics

General Stats
  • This quiz has been taken 65 times
  • The average score is 15 of 26
Answer Stats
Letter Hint Answer % Correct
A It's a trap! Admiral Ackbar
98%
J Tatooine crime lord who has Han Solo Jabba
96%
C The Ewoks confuse this droid for a god C-3PO
94%
D The Emperor tries to convince Luke to join the... Dark Side
94%
E Forest moon Endor
92%
B Flies around with a jetpack Boba Fett
90%
V Darth Vader
87%
X Rebel starfighter X-wing
83%
F Obi-wan, Yoda, and Anakin appear as these after death Force Spirit
81%
W Member of the Ewok species Leia meets Wicket
73%
Y Rebel bomber Y-wing
73%
R Large creature that is kept as a pet by the crime lord Rancor
63%
G Tatooine crime lord's guards are this species Gamorrean
60%
P What the rebels shoot at the main reactor of the Death Star {Proton} Torpedoes
54%
T Explosive Leia uses to threaten the Tatooine crime lord Thermal Detonator
54%
I TIE fighter variant TIE {Interceptor}
54%
M Member of the Ortolan species who plays for a band in the palace Max Rebo
50%
S Creature that lives in a pit in the desert Sarlacc
50%
O Twi'lek slave who gets eaten by a large creature Oola
44%
N Co-pilot for Lando Calrissian aboard the Millennium Falcon Nien Nunb
42%
L Luke arrives on the second death star on this vehicle {Lambda}-class Shuttle
38%
Q Tessek is seen in the palace and is a member of this species Quarren
25%
Z Riden by scout troopers 74-{Z Speeder Bike}
23%
K Salacious B. Crumb is a member of this species Kowakian Monkey-lizard
15%
U The language Leia speaks when she impersonates bounty hunter Boushh Ubese
12%
H Member of the Baragwin species in the crime lord's palace Hermi Odle
2%
No matching quizzes found
Score Distribution
Percent of People with Each Score
Percentile by Number Answered
Your Score History
You have not taken this quiz